000 01206cas a2200265 4500
005 20170201144839.0
008 751101d19721978nyuqr p 0 a0eng
022 _a0044-832X
040 _aDLC
_cMnMULS
_dNAlULS
_dDI
_dNSDP
_dDLC
_dOCoLC
_dAIP
_dNST
_dDNAL
_dNST
_dOCoLC
_dMH
_dOCoLC
_dCaQQL
_dCU-I
_dOCoLC
_dJ9U
_dUKMGB
_dOCLCF
_dInU
_dCO-BoIAVH
041 0 _aspa
044 _axxu
090 _aSE
245 0 0 _aAnnals of economic and social measurement.
246 3 0 _aEconomic and social measurement
260 _aNew York (Estados Unidos) :
_bNational Bureau of Economic Research.
_c1972-1978.
300 _bilustraciones
_c25 cm.
650 0 _aCiencias sociales
_xInvestigación
_vPeriódicas.
650 0 _aCiencias sociales
_xData processing
_vPeriódicas.
650 0 _aSistemas de almacenamiento y recuperación de información
_xCiencias sociales
_vPeriódicas.
650 6 _aCiencias sociales
_xInformática
_vPeriódicas.
650 6 _aSistemas de información
_xCiencias sociales
_vPeriódicas.
710 2 _aNational Bureau of Economic Research.
776 0 8 _iOnline version:
_tAnnals of economic and social measurement
_w(OCoLC)569465223
942 _2z
_cREVISTA
_s1
999 _c17844
_d17844